Skip and loafer / (Titelsatznr. 1439)

[ MARC ]
MARC-Details
000 -LEADER
fixed length control field 03111cam a22007215i 4500
001 - CONTROL NUMBER
control field 22409819
003 - CONTROL NUMBER IDENTIFIER
control field OSt
005 - DATE AND TIME OF LATEST TRANSACTION
control field 20251202144250.0
008 - FIXED-LENGTH DATA ELEMENTS--GENERAL INFORMATION
fixed length control field 220203m20219999caua d 6 000 c eng d
010 ## - LIBRARY OF CONGRESS CONTROL NUMBER
LC control number 2021286928
020 ## - INTERNATIONAL STANDARD BOOK NUMBER
International Standard Book Number 9781648275883
Qualifying information (volume 1 ;
-- paperback)
020 ## - INTERNATIONAL STANDARD BOOK NUMBER
International Standard Book Number 9781648276217
Qualifying information (volume 2 ;
-- paperback)
020 ## - INTERNATIONAL STANDARD BOOK NUMBER
International Standard Book Number 9781638583714
Qualifying information (volume 5 ;
-- paperback)
020 ## - INTERNATIONAL STANDARD BOOK NUMBER
International Standard Book Number 9781638587897
Qualifying information (volume 6 ;
-- paperback)
035 ## - SYSTEM CONTROL NUMBER
System control number 22409819
035 ## - SYSTEM CONTROL NUMBER
System control number (OCoLC)1263349521
040 ## - CATALOGING SOURCE
Original cataloging agency CPL
Language of cataloging eng
Transcribing agency CPL
Description conventions rda
Modifying agency CPL
-- OCLCO
-- GK8
-- OCLCF
-- DLC
041 1# - LANGUAGE CODE
Language code of text/sound track or separate title eng
Language code of original jpn
042 ## - AUTHENTICATION CODE
Authentication code lccopycat
043 ## - GEOGRAPHIC AREA CODE
Geographic area code a-ja---
100 1# - MAIN ENTRY--PERSONAL NAME
Personal name Takamatsu, Misaki,
Relator term author,
-- artist.
240 10 - UNIFORM TITLE
Uniform title Sukippu to rōfā.
Language of a work English
245 10 - TITLE STATEMENT
Title Skip and loafer /
Statement of responsibility, etc. story & art by Misaki Takamatsu ; translation, Nicole Frasik ; adaptation, T. Campbell ; lettering, Vanessa Satone.
264 #1 - PRODUCTION, PUBLICATION, DISTRIBUTION, MANUFACTURE, AND COPYRIGHT NOTICE
Place of production, publication, distribution, manufacture [Los Angeles, California] :
Name of producer, publisher, distributor, manufacturer Seven Seas Entertainment,
Date of production, publication, distribution, manufacture, or copyright notice [2021]-
300 ## - PHYSICAL DESCRIPTION
Extent volumes :
Other physical details illustrations ;
Dimensions 19 cm
336 ## - CONTENT TYPE
Content type term text
Content type code txt
Source rdacontent
336 ## - CONTENT TYPE
Content type term still image
Content type code sti
Source rdacontent
337 ## - MEDIA TYPE
Media type term unmediated
Media type code n
Source rdamedia
338 ## - CARRIER TYPE
Carrier type term volume
Carrier type code nc
Source rdacarrier
500 ## - GENERAL NOTE
General note Manga.
500 ## - GENERAL NOTE
General note Translation of: Sukippu to rōfā.
500 ## - GENERAL NOTE
General note First published in Japan in 2019 by Kodansha Ltd., Tokyo.
500 ## - GENERAL NOTE
General note Manga format; reads from back to front, right to left.
520 ## - SUMMARY, ETC.
Summary, etc. Country girl Mitsumi is bound for high school in Tokyo! She's got book smarts, but this small-town girl is about to find out she's massively unprepared for the social norms of big city high schoolers.
521 8# - TARGET AUDIENCE NOTE
Target audience note Teen (13+).
546 ## - LANGUAGE NOTE
Language note Translated from the Japanese.
650 #0 - SUBJECT ADDED ENTRY--TOPICAL TERM
Topical term or geographic name entry element Teenage girls
Form subdivision Comic books, strips, etc.
650 #0 - SUBJECT ADDED ENTRY--TOPICAL TERM
Topical term or geographic name entry element High school students
Form subdivision Comic books, strips, etc.
650 #0 - SUBJECT ADDED ENTRY--TOPICAL TERM
Topical term or geographic name entry element City and town life
Form subdivision Comic books, strips, etc.
650 #0 - SUBJECT ADDED ENTRY--TOPICAL TERM
Topical term or geographic name entry element Friendship
Form subdivision Comic books, strips, etc.
650 #0 - SUBJECT ADDED ENTRY--TOPICAL TERM
Topical term or geographic name entry element Self-actualization (Psychology)
Form subdivision Comic books, strips, etc.
650 #7 - SUBJECT ADDED ENTRY--TOPICAL TERM
Topical term or geographic name entry element City and town life.
Source of heading or term fast
Authority record control number or standard number (OCoLC)fst00862081
650 #7 - SUBJECT ADDED ENTRY--TOPICAL TERM
Topical term or geographic name entry element Friendship.
Source of heading or term fast
Authority record control number or standard number (OCoLC)fst00935174
650 #7 - SUBJECT ADDED ENTRY--TOPICAL TERM
Topical term or geographic name entry element High school students.
Source of heading or term fast
Authority record control number or standard number (OCoLC)fst00956174
650 #7 - SUBJECT ADDED ENTRY--TOPICAL TERM
Topical term or geographic name entry element Self-actualization (Psychology)
Source of heading or term fast
Authority record control number or standard number (OCoLC)fst01111481
650 #7 - SUBJECT ADDED ENTRY--TOPICAL TERM
Topical term or geographic name entry element Teenage girls.
Source of heading or term fast
Authority record control number or standard number (OCoLC)fst01145412
651 #0 - SUBJECT ADDED ENTRY--GEOGRAPHIC NAME
Geographic name Tokyo (Japan)
Form subdivision Comic books, strips, etc.
651 #7 - SUBJECT ADDED ENTRY--GEOGRAPHIC NAME
Geographic name Japan
Geographic subdivision Tokyo.
Source of heading or term fast
Authority record control number or standard number (OCoLC)fst01204835
655 #7 - INDEX TERM--GENRE/FORM
Genre/form data or focus term Comics (Graphic works)
Source of term fast
Authority record control number or standard number (OCoLC)fst01921613
655 #7 - INDEX TERM--GENRE/FORM
Genre/form data or focus term Graphic novels.
Source of term fast
Authority record control number or standard number (OCoLC)fst01726630
655 #7 - INDEX TERM--GENRE/FORM
Genre/form data or focus term School comics.
Source of term fast
Authority record control number or standard number (OCoLC)fst02009177
655 #7 - INDEX TERM--GENRE/FORM
Genre/form data or focus term School comics.
Source of term lcgft
655 #7 - INDEX TERM--GENRE/FORM
Genre/form data or focus term Graphic novels.
Source of term lcgft
700 1# - ADDED ENTRY--PERSONAL NAME
Personal name Frasik, Nicole,
Relator term translator.
700 1# - ADDED ENTRY--PERSONAL NAME
Personal name Campbell, T.,
Relator term author.
700 1# - ADDED ENTRY--PERSONAL NAME
Personal name Satone, Vanessa,
Relator term letterer.
906 ## - LOCAL DATA ELEMENT F, LDF (RLIN)
a 0
b ibc
c copycat
d 2
e ncip
f 20
g y-gencatlg
942 ## - ADDED ENTRY ELEMENTS (KOHA)
Source of classification or shelving scheme Dewey Decimal Classification
Koha item type Manga
Suppress in OPAC No
Exemplare
Withdrawn status Lost status Source of classification or shelving scheme Damaged status Not for loan Home library Current library Shelving location Date acquired Total checkouts Barcode Date last seen Price effective from Koha item type
    Dewey Decimal Classification     Bunte Manga Potsdam Bunte Manga Potsdam Sprache Englisch 12/02/2025   1422 12/02/2025 12/02/2025 Manga

Powered by Koha